000
00320nam a22001337a 4500
008
171017b xxu||||| |||| 00| 0 eng d
020
_a
2900324423029
041
_a
eng
080
_2
3RD
_a
331.101.262
100
_a
52
101
_a
BNJ
245
_a
UNDERSTANDING ORGANIZATIONAL BEHAVIOR
_c
NELSON,D.L
942
_2
udc
_c
BK
999
_c
34345
_d
34345